<?xml version="1.0" encoding="UTF-8"?>
<record
    xmlns:xsi="http://www.w3.org/2001/XMLSchema-instance"
    xsi:schemaLocation="http://www.loc.gov/MARC21/slim http://www.loc.gov/standards/marcxml/schema/MARC21slim.xsd"
    xmlns="http://www.loc.gov/MARC21/slim">

  <leader>01289nab a2200265uuc4500</leader>
  <controlfield tag="001">1037897</controlfield>
  <controlfield tag="005">20240831092757.0</controlfield>
  <controlfield tag="008">070724s2003                        spa  </controlfield>
  <datafield tag="035" ind1=" " ind2=" ">
    <subfield code="a">1037897</subfield>
  </datafield>
  <datafield tag="035" ind1=" " ind2=" ">
    <subfield code="a">(OCoLC)820206174</subfield>
  </datafield>
  <datafield tag="040" ind1=" " ind2=" ">
    <subfield code="c">comduadb</subfield>
  </datafield>
  <datafield tag="041" ind1=" " ind2=" ">
    <subfield code="a">spa</subfield>
  </datafield>
  <datafield tag="100" ind1="1" ind2="0">
    <subfield code="a">Carrasco, Claudia</subfield>
    <subfield code="4">aut</subfield>
    <subfield code="e">aut</subfield>
    <subfield code="9">440984</subfield>
  </datafield>
  <datafield tag="245" ind1="1" ind2="4">
    <subfield code="a">Las tecnolog&#xED;as de informaci&#xF3;n como apoyo al proceso de ense&#xF1;anza y aprendizaje: una experiencia en pedagog&#xED;a universitaria</subfield>
  </datafield>
  <datafield tag="520" ind1="3" ind2=" ">
    <subfield code="a">Se da cuenta de una experiencia pedag&#xF3;gica realizada en una facultad de ingenier&#xED;a, que tuvo por objeto dise&#xF1;ar, implementar, ejecutar y evaluar una experiencia piloto de innovaci&#xF3;n curricular que permita mejorar la metodolog&#xED;a y evaluaci&#xF3;n de asignaturas de &#xE1;mbito de la Ingenier&#xED;a Portuaria</subfield>
  </datafield>
  <datafield tag="650" ind1=" " ind2=" ">
    <subfield code="a">Docencia universitaria</subfield>
    <subfield code="9">26622</subfield>
  </datafield>
  <datafield tag="650" ind1=" " ind2="7">
    <subfield code="a">Innovaciones tecnol&#xF3;gicas</subfield>
    <subfield code="2">lemb</subfield>
    <subfield code="9">4465</subfield>
  </datafield>
  <datafield tag="650" ind1=" " ind2="0">
    <subfield code="a">Proceso ense&#xF1;anza-aprendizaje</subfield>
    <subfield code="9">24864</subfield>
  </datafield>
  <datafield tag="700" ind1="1" ind2="0">
    <subfield code="a">Meza, Jessica</subfield>
    <subfield code="4">aut</subfield>
    <subfield code="e">aut</subfield>
    <subfield code="9">440985</subfield>
  </datafield>
  <datafield tag="700" ind1="1" ind2="0">
    <subfield code="a">Loyer, Solange</subfield>
    <subfield code="4">aut</subfield>
    <subfield code="e">aut</subfield>
    <subfield code="9">441986</subfield>
  </datafield>
  <datafield tag="700" ind1="1" ind2="0">
    <subfield code="a">Morales E., Juan Fernando</subfield>
    <subfield code="4">aut</subfield>
    <subfield code="e">aut</subfield>
    <subfield code="9">353988</subfield>
  </datafield>
  <datafield tag="700" ind1="1" ind2="0">
    <subfield code="a">Garcia, Fernando</subfield>
    <subfield code="4">aut</subfield>
    <subfield code="e">aut</subfield>
  </datafield>
  <datafield tag="773" ind1="0" ind2=" ">
    <subfield code="t">REXE: Revista de Estudios y Experiencias en Educaci&#xF3;n</subfield>
    <subfield code="g">Vol. 02, No. 03, Ene. 2003, p. 135-147</subfield>
    <subfield code="w">972411</subfield>
    <subfield code="x">0717-6945</subfield>
    <subfield code="0">381777</subfield>
  </datafield>
  <datafield tag="942" ind1=" " ind2=" ">
    <subfield code="c">ARIMP</subfield>
  </datafield>
  <datafield tag="999" ind1=" " ind2=" ">
    <subfield code="c">422057</subfield>
    <subfield code="d">422057</subfield>
  </datafield>
</record>
